Регионална библиотека "Любен Каравелов" - Русе

Светът е плосък (Запис номер 65856)

MARC детайли
000 -Лидер
Контролно поле с фиксирана дължина 02240nam a2200433 c 4500
003 - Код на организацията, давaща контролен номер
Контролно поле BLK
005 - Дата и час на последна редакция
Контролно поле 20240315005323.0
008 - Елементи от данни с фиксирана дължина
fixed length control field 180408b bul|||||r ||||||| ||bul||
010 ## - Наследен системен номер
LC control number KNG00070138000
020 ## - Международен стандартен номер на книга ISBN
Международен стандартен номер на книга ISBN 954-769-134-1
-- издат.: Обсидиан
040 ## - Източник на каталожния запис
Идентификатор на билиотеката - собственик на записа BLK
041 ## - Код за език
Код за езика на текст/звукозапис или на отделно заглавие Български
Код за езика КДБФ Български
080 ## - УДК
Текстов определител УДК Общество (в цялост). Обществото като система. - Обществено развитие в цялост. Социология на отделните обществени системи
УДК код - определител по УДК 316.32
УДК определител
УДК - код + определител 316.32
080 ## - УДК
Текстов определител УДК Международни икономически отношения. Външностопанска политика. Световно стопанство
УДК код - определител по УДК 339.9
УДК определител
УДК - код + определител 339.9
080 ## - УДК
Текстов определител УДК Международни политически отношения. Световна политика. Международна политика. Дипломация
УДК код - определител по УДК 327
УДК определител (100)
УДК - код + определител 327(100)
100 1# - Редна дума - Автор
Автор Фрийдман, Томас
Авторска отговорност първи автор
R(LIN) 292662
139 ## - Редно поле
Редна дума Фрийдман, Томас
Авторски знак Фри - Ф 83
245 10 - Сведения за заглавието
Заглавие Светът е плосък
Подзаглавни данни Кратка история на ХХІ в.
Редно поле (дума) Томас Фрийдман; прев. от англ. Кольо Коев.
257 ## - Страна на издаване
Страна на създаване/издаване Великобритания
260 ## - Област на издателските данни
-- София
Име на издателя, разпространителя и проч. Обсидиан
Година на издаване 2006
Печатница В. Търново : Абагар
300 ## - Физическа характеристика
Страници 672 с.
Размери/Мащаб 21 см
380 ## - Жанр
Жанр Обществени науки
500 ## - Общи забележки
Забележка Ориг. загл. The Word Is Flat / Thomas L. Friedman. - Офс. изд. - Съдържа и Индекс.
650 #4 - Допълнително описание по предмет – тема
Основно описание – тема или топоним Глобализация
9 (RLIN) 152211
650 #4 - Допълнително описание по предмет – тема
Основно описание – тема или топоним Глобални проблеми на съвременността
9 (RLIN) 242685
650 #0 - Допълнително описание по предмет – тема
Основно описание – тема или топоним Международни отношения
9 (RLIN) 245477
653 ## - Ключова дума – ненормативна
Ключова дума глобализация
653 ## - Ключова дума – ненормативна
Ключова дума международни отношения
653 ## - Ключова дума – ненормативна
Ключова дума глобално развитие
653 ## - Ключова дума – ненормативна
Ключова дума геополитика
653 ## - Ключова дума – ненормативна
Ключова дума световно стопанство
700 1# - Други автори (авторска отговорност)
Лично име Коев, Кольо
Автороска отговорност (Описва отношението между автора и произведението) прев. от англ.
9 (RLIN) 365813
852 ## - Местоположение
Форматна сигнатура Цб 230502
856 4# - Електронен адрес и достъп
Електронен формат pdf - файл
Път до файла /url/
856 4# - Електронен адрес и достъп
Електронен формат pdf - файл
Път до файла /url/
942 ## - АРТИКУЛИ
Вид на библиотечния материал Книги
Скрит в OPAC Не
Koha issues (borrowed), all copies 3
944 ## - СЪЗДАВАНЕ И РЕДАКЦИЯ на ЗАПИСА
Създаване/Редакция Създаване
Дата на регистрацията/редакция 19.12.2006
Служител, извършил регистрацията/редакцията
Статус, дата на статуса CRON CRON
944 ## - СЪЗДАВАНЕ И РЕДАКЦИЯ на ЗАПИСА
Създаване/Редакция Редакция
Дата на регистрацията/редакция 20.12.2007
Служител, извършил регистрацията/редакцията
999 ## - СИСТЕМНИ КОНТРОЛНИ НОМЕРА
Koha biblionumber 65856
Koha biblioitemnumber 65856
Наличности
Код за отписване Код за изгубен артикул Източник на класификационната схема Код за повреда Коз за рестрикции Код за отдаване Артикулен № Име на библиотеката - собственик Име на библиотеката, в която се намира в момента Статус (Текущо местоположение) Дата на вписване в системата Местоположение - отдел Цена в лева Инвентарен номер Систематично азбучна сигнатура Баркод Номер на екземпляра Цена в евро Служебна бележка Служебен тип на артикула
  Не е изгубен Universal Decimal Classification Не е повреден само за читалня ползва се в читалня 108691 Регионална библиотека "Любен Каравелов" Русе Регионална библиотека "Любен Каравелов" Русе Хранилище 2006-12-19 Основен фонд - ползва се само за читалня 24.00 120000707646 Цб 318169 120000707646 1 12.27 Дост: Pk Вид: Ф N: 47395 Дата: 17.12.2006 Дата инв: 02.02.2018 Бележки инв: П2018 Книги
  Не е изгубен   Не е повреден без рестрикции ползва се в читалня 108692 Регионална библиотека "Любен Каравелов" Русе Регионална библиотека "Любен Каравелов" Русе Читалня 2006-12-27 Читалня 24.00 120000707828 Ч 316/Ф 83 120000707828 2 12.27 Дост: Pk Вид: Ф N: 47554 Дата: 20.12.2006 Дата инв: 22.03.2017 Бележки инв: Ч2017 Книги
  Не е изгубен   Не е повреден без рестрикции заемане за дома 108693 Регионална библиотека "Любен Каравелов" Русе Регионална библиотека "Любен Каравелов" Русе Заемна - подръчен фонд 2007-12-19 Заемна - подръчен фонд 24.00 120000721155 П 316.3/Ф 83 120000721155 3 12.27 Дост: Pk Вид: Ф N: 12876 Дата: 14.12.2007 Дата инв: 02.02.2018 Бележки инв: П2018 Книги
Vip Innovations Ltd, Rousse, Bulgaria 2025